Ribe-bé-béu! Laréu-ao-léu! (Registo nº 31601)

Detalhes MARC
000 -Etiqueta do registo
Valores 00662nam a2200229 4500
010 ## - Número ISBN
ISBN 9789899757905
021 ## - Número do Depósito Legal
-- PT
Número 336441/11
090 ## -
-- 31601
100 ## - Dados gerais de processamento
Dados gerais 20120510d2011 ac 0pory5003 ba
101 ## - Língua de publicação
-- por
102 ## - País de publicação
-- PT
105 ## -
-- a z 000fy
200 1# - Titulo e menção de responsabilidade
Título próprio Ribe-bé-béu! Laréu-ao-léu!
Primeira menção de responsabilidade Joaninha de Cabeção
Outras menções de responsabilidade il. Danuta Wjciechowska, Pequenos Artistas do Concelho de Viana do Alentejo
210 ## - Publicação
Local de publicação Lisboa
Nome do editor Lupa
Data de publicação 2011
215 ## - Descrição física 
Paginação / Volumes 45 p.
Dimensões 24 cm
Material acompanhante 1 CD
675 ## - CDU
Notação 087.5
Edição BNL
Língua por
700 #1 - Autor principal (pessoa individual)
Apelido Cabeção
Nome Joaninha de
702 #1 - Autor secundário (pessoa individual)
Apelido Wojciechowska
Nome Danuta
-- 440
ID Autoridade 3898
930 ## -
-- BECRE
990 ## - Elementos KOHA
Tipo de documento Livro
995 ## - Localização e informação dos exemplares
-- 18
995 ## - Localização e informação dos exemplares
-- 18
995 ## - Localização e informação dos exemplares
-- 18
995 ## - Localização e informação dos exemplares
-- 18
995 ## - Localização e informação dos exemplares
-- 18
995 ## - Localização e informação dos exemplares
-- 18
Exemplares
Situação do levantamento Estado Biblioteca de origem Biblioteca de empréstimo Código de barras Cota Permissão de empréstimo Tipo de documento
  Completo Biblioteca da Escola Básica e Secundária Dr Isidoro de Sousa Biblioteca da Escola Básica e Secundária Dr Isidoro de Sousa 6707EV 087.5 CAB Disponível Livro
  Completo Biblioteca da Escola Básica e Secundária Dr Isidoro de Sousa Biblioteca da Escola Básica e Secundária Dr Isidoro de Sousa 6708EV 087.5 CAB Disponível Livro
  Completo Biblioteca da Escola Básica e Secundária Dr Isidoro de Sousa Biblioteca da Escola Básica e Secundária Dr Isidoro de Sousa 6706EV 087.5 CAB Disponível Livro
  Completo Biblioteca da Escola Básica e Secundária Dr Isidoro de Sousa Biblioteca da Escola Básica e Secundária Dr Isidoro de Sousa 6709EV 087.5 CAB Disponível Livro
  Completo Biblioteca do Centro Escolar de Viana do Alentejo Biblioteca do Centro Escolar de Viana do Alentejo 1850BV 087.5 CAB Disponível Livro
  Completo Biblioteca do Centro Escolar de Viana do Alentejo Biblioteca do Centro Escolar de Viana do Alentejo 1849BV 087.5 CAB Disponível Livro




Powered by Koha